<?xml version="1.0" encoding="UTF-8"?>
<record
    xmlns:xsi="http://www.w3.org/2001/XMLSchema-instance"
    xsi:schemaLocation="http://www.loc.gov/MARC21/slim http://www.loc.gov/standards/marcxml/schema/MARC21slim.xsd"
    xmlns="http://www.loc.gov/MARC21/slim">

  <leader>00935cam a22002891a 4500</leader>
  <controlfield tag="001">sa 65003669 </controlfield>
  <controlfield tag="003">DLC</controlfield>
  <controlfield tag="005">20260227112124.0</controlfield>
  <controlfield tag="008">891005s1963    ii            000 0 hinr </controlfield>
  <datafield tag="010" ind1=" " ind2=" ">
    <subfield code="a">sa 65003669 </subfield>
  </datafield>
  <datafield tag="025" ind1=" " ind2=" ">
    <subfield code="a">PL480:I-Mal-2070</subfield>
  </datafield>
  <datafield tag="035" ind1=" " ind2=" ">
    <subfield code="a">(OCoLC)20446632</subfield>
  </datafield>
  <datafield tag="040" ind1=" " ind2=" ">
    <subfield code="a">DLC</subfield>
    <subfield code="c">WaU</subfield>
    <subfield code="d">ICRL</subfield>
    <subfield code="d">DLC</subfield>
  </datafield>
  <datafield tag="041" ind1="1" ind2=" ">
    <subfield code="a">hin</subfield>
    <subfield code="h">mal</subfield>
  </datafield>
  <datafield tag="042" ind1=" " ind2=" ">
    <subfield code="a">premarc</subfield>
  </datafield>
  <datafield tag="050" ind1="0" ind2="0">
    <subfield code="a">PL4718.9.G66</subfield>
    <subfield code="b">M85</subfield>
  </datafield>
  <datafield tag="100" ind1="1" ind2=" ">
    <subfield code="a">G&#x14D;pin&#x101;thann&#x101;yar, &#x1E6C;i. En.,</subfield>
    <subfield code="d">1918-</subfield>
  </datafield>
  <datafield tag="240" ind1="1" ind2="0">
    <subfield code="a">Mr&#x325;ga&#x1E43;.</subfield>
    <subfield code="l">Hindi</subfield>
  </datafield>
  <datafield tag="245" ind1="1" ind2="0">
    <subfield code="a">Pa&#x15B;u :</subfield>
    <subfield code="b">Malayala&#x1E43;-bh&#x101;sh&#x101; ke s&#x101;m&#x101;jika lakhu n&#x101;&#x1E6D;aka 'Mr&#x325;ga&#x1E43;' ka Hind&#x12B;-r&#x16B;p&#x101;ntar /</subfield>
    <subfield code="c">&#x1E6C;i.En. G&#x14D;pin&#x101;than N&#x101;yara ; R&#x16B;p&#x101;ntark&#x101;ra Raghuv&#x12B;ra &#x15A;aran 'Vyathita' tatha Vasuvan.</subfield>
  </datafield>
  <datafield tag="250" ind1=" " ind2=" ">
    <subfield code="a">[1. sanskara&#x1E47;a]</subfield>
  </datafield>
  <datafield tag="260" ind1=" " ind2=" ">
    <subfield code="a">Dilli :</subfield>
    <subfield code="b">V&#x101;sud&#x113;va Prak&#x101;&#x15B;ana,</subfield>
    <subfield code="c">[1963]</subfield>
  </datafield>
  <datafield tag="300" ind1=" " ind2=" ">
    <subfield code="a">96 p. ;</subfield>
    <subfield code="b">18 cm.</subfield>
  </datafield>
  <datafield tag="500" ind1=" " ind2=" ">
    <subfield code="a">In Hindi.</subfield>
  </datafield>
  <datafield tag="520" ind1=" " ind2=" ">
    <subfield code="a">Translation of: Mr&#x325;ga&#x1E43;.</subfield>
  </datafield>
  <datafield tag="700" ind1="1" ind2=" ">
    <subfield code="a">&#x15A;aran, Raghuvira.</subfield>
  </datafield>
  <datafield tag="700" ind1="1" ind2=" ">
    <subfield code="a">Vasuvan.</subfield>
  </datafield>
  <datafield tag="999" ind1=" " ind2=" ">
    <subfield code="c">63264</subfield>
    <subfield code="d">63264</subfield>
  </datafield>
</record>
